书目信息 |
| 题名: |
西方公民不服从的传统
|
|
| 作者: | 何怀宏 | |
| 分册: | ||
| 出版信息: | 长春 吉林人民出版社 2001 |
|
| 页数: | 264 | |
| 开本: | 20cm | |
| 丛书名: | ||
| 单 册: | ||
| 中图分类: | D73 , D0 | |
| 科图分类: | ||
| 主题词: | 政治理论 | |
| 电子资源: | ||
| ISBN: | 7-206-03857-3 | |
| 000 | 00536nam0 2200193 450 | |
| 001 | 2637495893 | |
| 005 | 20260414102533.35 | |
| 010 | @a7-206-03857-3@d18.60 | |
| 100 | @a20070904d km y0chiy0120 ea | |
| 101 | 0 | @achi |
| 200 | 1 | @a西方公民不服从的传统@Axi fang gong min bu fu cong de chuan tong@f何怀宏@Fhe huai hong |
| 210 | @a长春@c吉林人民出版社@d2001 | |
| 215 | @a264@d20cm | |
| 606 | 0 | @a政治理论 |
| 690 | @aD73@v3 | |
| 690 | @aD0@v4 | |
| 701 | 0 | @a何怀宏@Ahe huai hong |
| 801 | 0 | @aCN@bPFT@c20070904 |
| 905 | @a213230@dD0@e403@f1 | |
| 西方公民不服从的传统/何怀宏.-长春:吉林人民出版社,2001 |
| 264;20cm |
| ISBN 7-206-03857-3:18.60 |
| ● |
| 相关链接 |
|
|
|
|
正题名:西方公民不服从的传统
索取号:D0/403
 
预约/预借
| 序号 | 登录号 | 条形码 | 馆藏地/架位号 | 状态 | 备注 |
| 1 | 1442604 | 214426049 | 第一样本阅览室/ [索取号:D0/403] | 在馆 |